| 000 | 00423pab a2200169 454500 | ||
|---|---|---|---|
| 008 | 180718b1975 xxu||||| |||| 00| 0 eng d | ||
| 100 | _aBhattacharya, Mohit | ||
| 245 | _aUrbanization and urban problems in India: Some policy issues | ||
| 260 | _c1975 | ||
| 300 | _ap.1-14. | ||
| 362 | _aOct-Dec | ||
| 650 | _aUrbanization - India | ||
| 650 | _aUrbanization | ||
| 773 | _aNagarlok | ||
| 908 | _aN | ||
| 909 | _a102524 | ||
| 999 |
_c102522 _d102522 |
||